Effect de l'azote 18% sur la tomate a' la station expe'rimentale de l'university royale d'agriculture, (Record no. 1488)

000 -LEADER
fixed length control field 00468nam a22001577a 4500
003 - CONTROL NUMBER IDENTIFIER
control field OSt
005 - DATE AND TIME OF LATEST TRANSACTION
control field 20150929165137.0
008 - FIXED-LENGTH DATA ELEMENTS--GENERAL INFORMATION
fixed length control field 150929b xxu||||| |||| 00| 0 eng d
040 ## - CATALOGING SOURCE
Transcribing agency RUA
082 ## - DEWEY DECIMAL CLASSIFICATION NUMBER
Classification number AGR TEK 2002 B061 Or.1
100 ## - MAIN ENTRY--PERSONAL NAME
9 (RLIN) 1577
Personal name TEK KIMSONG
245 ## - TITLE STATEMENT
Title Effect de l'azote 18% sur la tomate a' la station expe'rimentale de l'university royale d'agriculture,
260 ## - PUBLICATION, DISTRIBUTION, ETC. (IMPRINT)
Place of publication, distribution, etc. phnom penh
Name of publisher, distributor, etc. RUA
Date of publication, distribution, etc. 2002
300 ## - PHYSICAL DESCRIPTION
Extent v, 43p.
Other physical details ill.
Dimensions 29cm.
942 ## - ADDED ENTRY ELEMENTS (KOHA)
Source of classification or shelving scheme
Koha item type AGR
Holdings
Price effective from Date last seen Permanent Location Not for loan Date acquired Source of classification or shelving scheme Koha item type Barcode Lost status Damaged status Shelving location Withdrawn status Current Location Full call number
2015-09-292015-09-29Library Block B 2015-09-29 AGRRUA007248  B061 Library Block BAGR TEK 2002 B061 Or.1
2015-09-292015-09-29Library Block B 2015-09-29 AGRRUA007320  B061 Library Block BAGR TEK 2002 B061 Or.2
2015-09-292015-09-29Library Block B 2015-09-29 AGRRUA007319  B061 Library Block BAGR TEK 2002 B061 Or.3
2015-09-292015-09-29Library Block B 2015-09-29 AGRRUA007243    Library Block BAGR TEK 2002 B061 Or.4
2015-09-292015-09-29Library Block B 2015-09-29 AGRRUA007173    Library Block BAGR TEK 2002 B061 Or.5
2015-09-292015-09-29Library Block B 2015-09-29 AGRRUA007032    Library Block BAGR TEK 2002 B061 Or.6
2015-09-292015-09-29Library Block B 2015-09-29 AGRRUA007029    Library Block BAGR TEK 2002 B061 Or.7
2015-09-292015-09-29Library Block B 2015-09-29 AGRRUA007028    Library Block BAGR TEK 2002 B061 Or.8
2015-09-292015-09-29Library Block B 2015-09-29 AGRRUA007100    Library Block BAGR TEK 2002 B061 Or.9
មជ្ឈមណ្ឌលឯការនៃសាកលវិទ្យាល័យភូមិន្ទកសិកម្មចំការដូង

Powered by Koha